Heroz : (Record no. 674)

000 -LEADER
fixed length control field nam a22 a 4500
005 - DATE AND TIME OF LATEST TRANSACTION
control field 20170504150244.0
008 - FIXED-LENGTH DATA ELEMENTS--GENERAL INFORMATION
fixed length control field 170504b1994 -us||||| |||| 00| 0 eng d
020 ## - INTERNATIONAL STANDARD BOOK NUMBER
International Standard Book Number 0449909581
040 ## - CATALOGING SOURCE
Original cataloging agency AKMAL
082 ## - DEWEY DECIMAL CLASSIFICATION NUMBER
Classification number 158.7 BYH
090 ## - LOCALLY ASSIGNED LC-TYPE CALL NUMBER (OCLC); LOCAL CALL NUMBER (RLIN)
Classification number (OCLC) (R) ; Classification number, CALL (RLIN) (NR) 158.7
Local cutter number (OCLC) ; Book number/undivided call number, CALL (RLIN) BYH
245 ## - TITLE STATEMENT
Title Heroz :
Remainder of title Empower Yourself, Your Coworkers, Your Company
Statement of responsibility, etc. William C. Byham, and Jeff Cox
260 ## - PUBLICATION, DISTRIBUTION, ETC.
Place of publication, distribution, etc. united States
Name of publisher, distributor, etc. Harmony Books, a division of Crown Publisher, Inc
Date of publication, distribution, etc. 1994
300 ## - PHYSICAL DESCRIPTION
Extent 203 pg
Dimensions cm
942 ## - ADDED ENTRY ELEMENTS (KOHA)
Source of classification or shelving scheme
Koha item type Book
Holdings
Withdrawn status Lost status Source of classification or shelving scheme Damaged status Not for loan Collection code Home library Current library Shelving location Date acquired Inventory number Total Checkouts Full call number Barcode Date last seen Price effective from Koha item type
          NON-FICTION AKMAL Melaka AKMAL Melaka PINJAMAN 04.05.2017 00321   158.7 BYH 201701574 04.05.2017 04.05.2017 Book
Pusat Sumber Maklumat Dato' Haji Sarmin Md Hussin, Akademi Kastam Diraja Malaysia, Melaka
Tel: 06-2331106 | Faks: 06-2313787